| 000 | 00682nam a22002057a 4500 | ||
|---|---|---|---|
| 999 |
_c12185 _d12185 |
||
| 003 | AR-CdUCM | ||
| 008 | 190408b ||||| |||| 00| 0 spa d | ||
| 040 |
_aMUNICIPALIDAD PROVINCIAL DEL CUSCO _cBIBLIOTECA MUNICIPAL DEL CUSCO |
||
| 082 |
_aC / 709.85 / _bV61 |
||
| 100 |
_aVidal U. Humberto _929910 |
||
| 245 | _aHacia un nuevo arte peruano / | ||
| 260 |
_aCuzco : _bLa Económica, _c1938. |
||
| 300 |
_a59 páginas ; _c20 cm. |
||
| 505 | _aArte -- Que es el arte y que expresa -- El arte en el tiempo y en el espacio... | ||
| 650 |
_aArte. _9561 |
||
| 650 |
_aEstética. _9589 |
||
| 650 |
_aRepresentación del arte. _929911 |
||
| 942 |
_2ddc _cLIBROS |
||
| 945 |
_awfj _d2019-04-08 |
||